000 00267nam a2200109Ia 4500
008 200302s9999 xx 000 0 und d
100 _aSimon Bell
245 _aLandscape Pattern Perception and Process
260 _bE. & F. N. Spon
260 _c1999
300 _a344 P.,
999 _c1485
_d1485